[Event "18th TCh-CRO"]
[Site "Sibenik CRO"]
[Date "2009.09.27"]
[Round "7"]
[White "Fedorchuk,S"]
[Black "Navara,D"]
[Result "1/2-1/2"]
[WhiteElo "2643"]
[BlackElo "2692"]

1.e4 c5 2.Nf3 e6 3.d4 cxd4 4.Nxd4 Nc6 5.Nc3 a6 6.Be2 d6 7.O-O Nf6 8.Be3 Be7
9.f4 O-O 10.Kh1 Bd7 11.Bf3 Nxd4 12.Qxd4 Bc6 13.a4 b5 14.e5 Bxf3 15.gxf3 dxe5
16.fxe5 Qxd4 17.Bxd4 Nd5 18.Nxd5 exd5 19.axb5 axb5 20.Kg2 Rfc8 21.Kg3 f6
22.exf6 gxf6 23.Rxa8 Rxa8 24.Kf4 Kf7 25.Kf5 b4 26.h4 b3 27.cxb3 Rb8 28.Ra1 Rxb3
29.f4 Rb4 30.Bc3 Rc4 31.Ra7 d4 32.Bd2 d3 33.Rd7 Rc5+ 34.Ke4 Ke6 35.Rb7 f5+
36.Kxd3 Rd5+ 37.Ke3 Bxh4 38.Rxh7 Bf2+ 39.Ke2 Bc5 40.Rh6+ Kd7 41.Bc3 Bd6 42.Ke3 Bc5+
43.Kf3 Rd3+ 44.Ke2 Re3+ 45.Kd1 Bd4 46.Bxd4  1/2-1/2

[Event "74th ch-ESP Absoluto"]
[Site "Palma de Mallorca ESP"]
[Date "2009.09.28"]
[Round "3"]
[White "Garcia Rodriguez,Vi"]
[Black "Garcia del Rey,S"]
[Result "1-0"]
[WhiteElo "2086"]
[BlackElo "2319"]

1.e4 c5 2.Nf3 e6 3.d4 cxd4 4.Nxd4 Nc6 5.Nc3 Qc7 6.Ndb5 Qb8 7.Be3 b6 8.Qd2 a6
9.Nd4 Nf6 10.Na4 Nxe4 11.Nxc6 dxc6 12.Qd4 Nc5 13.O-O-O Nd7 14.Nxb6 c5 15.Nxd7 cxd4
16.Nxb8 dxe3 17.Nc6 Bb7 18.Na5 e2 19.Bxe2 Bxg2 20.Rhg1 Bd5 21.c4 Rc8 22.f3 Bb4
23.Kb1 Ba8 24.Nb3 O-O 25.c5 Bxc5 26.Nxc5 Rxc5 27.Bxa6 Bxf3 28.Rc1 Rh5 29.Rc3 Be4+
30.Bd3 Bxd3+ 31.Rxd3 Rxh2 32.b4 Rb8 33.Rb3 Kf8 34.Rc1 Rb7 35.b5 Ke7 36.Rc4 Rh5
37.a4 Kd6 38.Rd3+ Rd5 39.Rc6+ Kd7 40.Rxd5+ exd5 41.Rc5 Ke6 42.Rc6+ Kd7 43.Rc2 Ra7
44.Ra2 Rb7 45.Kb2 h5 46.Kb3 g5 47.Kb4 g4 48.Rh2 Rc7 49.Rxh5 Rc4+ 50.Ka5 Ke6
51.b6 Rc8 52.b7 Rb8 53.Kb6 f5 54.a5  1-0

[Event "69th ch-ITA s/f"]
[Site "Arvier ITA"]
[Date "2009.09.29"]
[Round "4"]
[White "Martorelli,A"]
[Black "Vezzosi,P"]
[Result "1-0"]
[WhiteElo "2225"]
[BlackElo "2372"]

1.e4 c5 2.Nf3 e6 3.d4 cxd4 4.Nxd4 Nc6 5.Nc3 Qc7 6.Be3 Nf6 7.Bd3 a6 8.O-O Ne5
9.f4 Neg4 10.Bd2 Bc5 11.Ne2 e5 12.fxe5 Qxe5 13.Bf4 Bxd4+ 14.Kh1 Qc5 15.Nxd4 Qxd4
16.e5 Nf2+ 17.Rxf2 Qxf2 18.exf6 Qxf4 19.fxg7 Rg8 20.Qe1+ Kd8 21.Qa5+ Ke7
22.Re1+ Kf6 23.Qc3+ Kg5 24.Bxh7 Re8 25.Qc5+ Kh6 26.Rxe8 Qc1+ 27.Qg1 Qxg1+
28.Kxg1 Kxg7 29.Bf5 b6 30.Be4  1-0

[Event "69th ch-ITA s/f"]
[Site "Arvier ITA"]
[Date "2009.09.29"]
[Round "4"]
[White "Rombaldoni,Ax"]
[Black "Rettore,L"]
[Result "1-0"]
[WhiteElo "2425"]
[BlackElo "2175"]

1.e4 c5 2.Nf3 e6 3.d4 cxd4 4.Nxd4 Nc6 5.Nc3 Qc7 6.g3 a6 7.Bg2 Nf6 8.O-O Be7
9.Re1 O-O 10.Nxc6 bxc6 11.e5 Nd5 12.Na4 f6 13.c4 Nb6 14.exf6 Bxf6 15.Bf4 e5
16.Nxb6 Qxb6 17.Be3 Qd8 18.Qb3 Kh8 19.Rad1 Qe7 20.c5 a5 21.Rd6 a4 22.Qc2 Qf7
23.Be4 Be7 24.Rdd1 Ba6 25.Rxd7 Qe6 26.Red1 h6 27.Rc7 Bb5 28.Rdd7 Bf6 29.Bxh6 Qh3
30.Bxg7+ Bxg7 31.Bg2 Qh6 32.Rxg7 Qxg7 33.Rxg7 Kxg7 34.Qe4 Rfe8 35.Qg4+ Kf6
36.Be4 Rad8 37.h4 a3 38.bxa3 Ba4 39.Qg5+ Ke6 40.Bf5+ Kd5 41.Qd2+  1-0

[Event "1st Francophone Festival"]
[Site "Arvier ITA"]
[Date "2009.09.29"]
[Round "4"]
[White "Sanchez,Joseph"]
[Black "Berend,F"]
[Result "1/2-1/2"]
[WhiteElo "2463"]
[BlackElo "2371"]

1.e4 c5 2.Nf3 e6 3.d4 cxd4 4.Nxd4 Nc6 5.Nc3 d6 6.Be3 Nf6 7.Qd2 Be7 8.f3 O-O
9.O-O-O d5 10.exd5 Nxd5 11.Nxd5 Qxd5 12.c4 Qd6 13.Be2 a6 14.f4 Qc7 15.Nxc6 Qxc6
16.Kb1 Qc7 17.Bd4 b6 18.Qc3 f6 19.Bf3 Rb8 20.Qe3 Re8 21.Rhe1 Bc5 22.Bh5 g6
23.Bf3 Bb7 24.Bxb7 Rxb7 25.g4 Qc6 26.g5 fxg5 27.fxg5 Bxd4 28.Rxd4 Rf7 29.Re4 b5
30.cxb5 Qxb5 31.Re5 Qc4 32.Rxe6 Ref8 33.Qb3 Qxb3 34.axb3 Rf5 35.h4 a5 36.Ka2 R8f7
37.R1e4 Kg7 38.Rc4 Rb7 39.Rec6 Rbf7 40.R6c5 h6 41.Ka3 hxg5 42.hxg5 Rf1 43.Ka4 Ra1+
44.Kb5 Ra2 45.Rc2 Rb7+ 46.Ka6 Rxb3 47.Rc7+ Kg8 48.R2c6 Raxb2 49.Rxg6+ Kh8
50.Ka7 a4 51.Rd6 Rb8 52.Rh6+ Kg8 53.g6 R8b5 54.Ka6 Rb6+ 55.Ka7 R6b5 56.Ka6 Rb6+
57.Ka7  1/2-1/2

[Event "18th TCh-CRO"]
[Site "Sibenik CRO"]
[Date "2009.09.29"]
[Round "9"]
[White "Hracek,Z"]
[Black "Markus,Rob"]
[Result "1/2-1/2"]
[WhiteElo "2606"]
[BlackElo "2608"]

1.e4 c5 2.Nf3 e6 3.d4 cxd4 4.Nxd4 Nc6 5.Nc3 Qc7 6.g3 a6 7.Bg2 Nf6 8.O-O d6
9.Re1 Nd7 10.Nce2 Be7 11.b3 O-O 12.c4 Nf6 13.Bb2 Bd7 14.Rc1 Rfd8 15.Qd2 Rac8
16.h3 Qb8 17.Nxc6 Bxc6 18.Nd4 Be8 19.Bc3 Nd7 20.a4 Bf8 21.a5 Ne5 22.f4 Nc6
23.Kh2 Qc7 24.f5 Bd7 25.Nxc6 bxc6 26.Qg5 h6 27.Qf4 f6 28.h4 Rb8 29.Rb1 Rb7
30.Rb2 Qb8 31.Reb1 Qc8 32.Rf1 Be8 33.Qg4 e5 34.Bd2 Kh8 35.Be3 Be7 36.Qe2 c5
37.Bf3 Qc7 38.Bd2 Rdb8 39.Rfb1 Bd8 40.Bh5 Bf7 41.Bxf7 Qxf7 42.g4 Kg8 43.Qd3 Qd7
44.Rg1 Qc6 45.Rg3 Kf8 46.Qe2 Rf7 47.Rb1 Ke8 48.Rd3 Be7 49.Kg3 Kd7 50.Kf3 Rg8
51.b4 cxb4 52.Rxb4 g6 53.Rb6 Qc5 54.Be3 Qxa5 55.fxg6 Rxg6 56.c5 f5 57.gxf5 Qa4
58.Rb7+ Kc8 59.Bd4 Bxh4 60.Qh2 Rxf5+ 61.exf5 Qc6+ 62.Ke3 exd4+ 63.Kf4 Bg5+
64.Kg4 Qe4+ 65.Kh5 Qxf5 66.Qh3 Qxh3+ 67.Rxh3 Kxb7 68.c6+ Kxc6 69.Kxg6 Kd5
70.Ra3 Ke4 71.Rxa6 Bf4 72.Ra4 d5 73.Kh5 Ke3 74.Ra5 Ke4 75.Ra4 Ke3 76.Ra5 d3
77.Rxd5 Ke4 78.Rd7 d2 79.Kg4 Be3 80.Rxd2  1/2-1/2

[Event "10th Veselin Boskovic Mem"]
[Site "Beograd SRB"]
[Date "2009.09.30"]
[Round "3.1"]
[White "Pikula,D"]
[Black "Lapcevic,M"]
[Result "1-0"]
[WhiteElo "2562"]
[BlackElo "2390"]

1.e4 c5 2.Nf3 e6 3.d4 cxd4 4.Nxd4 Nc6 5.Nc3 Qc7 6.f4 Nxd4 7.Qxd4 a6 8.Be3 Ne7
9.Qb6 Qxb6 10.Bxb6 Nc6 11.O-O-O Be7 12.Be2 f6 13.Bh5+ g6 14.Bf3 h5 15.Rhe1 Bb4
16.Re3 Ba5 17.Bxa5 Nxa5 18.e5 Rb8 19.Ne4 f5 20.Nd6+ Ke7 21.Rc3 Nc6 22.h4 Rh7
23.b4 Kd8 24.a3 Re7 25.Be2 b5 26.Rg3 a5 27.c3 axb4 28.cxb4 Na7 29.Rxg6 Bb7
30.Rg8+ Kc7 31.Rxb8 Kxb8 32.Nxb7 Kxb7 33.Bxh5 Kc7 34.Bf3 Nc8 35.Be2 Rg7 36.Bxb5 Nb6
37.h5 Nd5 38.h6 Rh7 39.g3 Rxh6 40.Rd3 Rh2 41.Bc4 Ne7 42.Bb3 Nc6 43.Bc2 Rg2
44.Kb2 Ne7 45.Kb3 Nd5 46.Bd1 d6 47.exd6+ Kxd6 48.a4 Kc7 49.a5 Nf6 50.b5 Ne4
51.Bf3 Rf2 52.Bxe4 fxe4 53.Re3 Rf3 54.Rc3+ Kb7 55.Kc4 e3 56.Rc1 Rxg3 57.Kd3 e2+
58.Kxe2 Ra3 59.a6+ Kb6 60.Rc6+ Kxb5 61.Rxe6 Kc5 62.f5 Kd5 63.Kf2 Rh3 64.a7 Rh8
65.Ra6 Ra8 66.Kf3 Ke5 67.Ra5+ Kf6 68.Kf4 Kf7 69.Ra6 Kg7 70.Ke5 Kf7 71.Kd5  1-0

[Event "74th ch-ESP Absoluto"]
[Site "Palma de Mallorca ESP"]
[Date "2009.09.30"]
[Round "5"]
[White "Ensenat Calafell,J"]
[Black "Garcia del Rey,S"]
[Result "0-1"]
[WhiteElo "1810"]
[BlackElo "2319"]

1.e4 c5 2.Nf3 e6 3.d4 cxd4 4.Nxd4 Nc6 5.Nc3 Qc7 6.Be3 a6 7.Be2 Nf6 8.a4 Bb4
9.f3 O-O 10.O-O d5 11.exd5 exd5 12.Nxc6 bxc6 13.Bd3 Be6 14.Qe1 c5 15.Qh4 c4
16.Be2 Rab8 17.Bd4 Bc5 18.Nd1 Qa7 19.c3 Bxd4+ 20.Qxd4 Qxd4+ 21.cxd4 Rb3 22.g4 h6
23.Rf2 a5 24.Rb1 Rfb8 25.Bf1 Bd7 26.Nc3 Rxc3  0-1

[Event "74th ch-ESP Absoluto"]
[Site "Palma de Mallorca ESP"]
[Date "2009.09.30"]
[Round "5"]
[White "Vehi Bach,V"]
[Black "Montoya Irigoyen,I"]
[Result "1-0"]
[WhiteElo "2381"]
[BlackElo "2070"]

1.e4 c5 2.Nf3 e6 3.d4 cxd4 4.Nxd4 Nc6 5.Nc3 Qc7 6.Be3 a6 7.Qd2 Nf6 8.O-O-O Nxd4
9.Qxd4 d6 10.f3 b5 11.g4 Bb7 12.Kb1 Rc8 13.g5 Nd7 14.a3 Ne5 15.f4 Nc4 16.Bxc4 Qxc4
17.Rhe1 Qxd4 18.Bxd4 h6 19.h4 hxg5 20.hxg5 Rh4 21.Rf1 Bc6 22.e5 d5 23.b4 a5
24.Na2 Ra8 25.Rf2 Bd7 26.Kb2 Rh3 27.c3 axb4 28.axb4 Be7 29.Rdd2 Kf8 30.Rh2 Rxh2
31.Rxh2 Kg8 32.Nc1 Rf8 33.Nd3 Bc8 34.Bc5 Bxc5 35.Nxc5 f6 36.gxf6 gxf6 37.Kb3 fxe5
38.fxe5 Rf5 39.Ra2 Rxe5 40.Ra8 Re3 41.Rxc8+ Kf7 42.Kc2 e5 43.Rd8 d4 44.Rxd4  1-0

[Event "74th ch-ESP Absoluto"]
[Site "Palma de Mallorca ESP"]
[Date "2009.09.30"]
[Round "5"]
[White "Planells Roig,J"]
[Black "Vega Gutierrez,S"]
[Result "1/2-1/2"]
[WhiteElo "2108"]
[BlackElo "2357"]

1.e4 c5 2.Nf3 e6 3.d4 cxd4 4.Nxd4 Nc6 5.Nc3 a6 6.g3 d6 7.Bg2 Bd7 8.a4 Nf6
9.O-O Be7 10.Nb3 Qc7 11.f4 Rc8 12.a5 Nb4 13.Be3 e5 14.Bb6 Qb8 15.f5 Bc6 16.Rc1 O-O
17.g4 h6 18.h4 Nh7 19.Qe1 Rfe8 20.Qg3 f6 21.Nd2 Bd8 22.Be3 b6 23.g5 fxg5
24.hxg5 Bxg5 25.Bxg5 Nxg5 26.f6 bxa5 27.Kh2 Qc7 28.Nf3 gxf6 29.Nh4 Qf7 30.Nf5 Qh5+
31.Kg1 Rcd8 32.Kf2 Qg6 33.Rh1 Kf7 34.Rxh6 Qg8 35.Rh5 Qg6 36.Rh6 Qg8 37.Rh5 Qg6  1/2-1/2

[Event "FIDE GP w"]
[Site "Nanjing CHN"]
[Date "2009.10.01"]
[Round "4"]
[White "Kovanova,B"]
[Black "Dzagnidze,N"]
[Result "0-1"]
[WhiteElo "2408"]
[BlackElo "2535"]

1.e4 c5 2.Nf3 e6 3.d4 cxd4 4.Nxd4 Nc6 5.Nc3 Qc7 6.g3 a6 7.Bg2 Nf6 8.O-O Be7
9.Re1 O-O 10.Nxc6 bxc6 11.e5 Nd5 12.Qd3 a5 13.Na4 c5 14.c4 Nb4 15.Qe2 Bb7
16.Bxb7 Qxb7 17.Be3 Qc7 18.f4 Qc6 19.Nc3 f6 20.a3 Na6 21.Qg2 Qb6 22.Rad1 Rad8
23.Nb5 fxe5 24.fxe5 Nb8 25.Bd2 Nc6 26.Bc3 a4 27.Re2 Na7 28.Nd6 Bxd6 29.Rxd6 Nc6
30.Red2 Qa7 31.Qe4 Nb8 32.Kg2 Rde8 33.R6d3 Re7 34.Rf3 Rxf3 35.Qxf3 Rf7 36.Qe4 Nc6
37.h4 Ne7 38.Kh3 Nc6 39.Kg2 Ne7 40.Kh3 Nf5 41.g4 Ne7 42.Kg3 h5 43.Rf2 Rxf2
44.Kxf2 hxg4 45.Qxg4 Qa8 46.Qd1 Qe4 47.Qxd7 Qxh4+ 48.Kg2 Qe4+ 49.Kf2 Qc2+
50.Ke1 Kf7 51.Qb5 Qe4+ 52.Kf2 Qc6 53.Bd2 Qxb5 54.cxb5 Ke8 55.Ke2 c4 56.Ke3 Nf5+
57.Kf4 Kd7 58.Kg5 Nd4 59.Kg6 Nxb5 60.Kxg7 Kc6 61.Kf6 Kd5 62.Bc3 Na7 63.Ke7 Nc6+
64.Kf6 Nb8 65.Ke7 Na6 66.Kd7 Nc5+ 67.Kc7 Ne4 68.Kb6 Nxc3 69.bxc3 Kxe5 70.Kc5 Kf4
71.Kxc4 e5 72.Kd3 Kf3 73.Kd2 e4 74.Ke1 Ke3  0-1

[Event "74th ch-ESP Absoluto"]
[Site "Palma de Mallorca ESP"]
[Date "2009.10.02"]
[Round "7"]
[White "Recuero Guerra,D"]
[Black "Bellon Lopez,JuM"]
[Result "1/2-1/2"]
[WhiteElo "2492"]
[BlackElo "2430"]

1.e4 c5 2.Nf3 e6 3.Nc3 Nc6 4.d4 cxd4 5.Nxd4 Qc7 6.Be3 Nf6 7.f4 d6 8.Qf3 Bd7
9.O-O-O Rc8 10.Nb3 Nb4 11.Kb1 d5 12.e5 Ne4 13.Bd4 a5 14.Bd3 a4 15.Nb5 Qd8
16.Nc1 Nxd3 17.Qxd3 Rc4 18.Nd6+ Bxd6 19.exd6 O-O 20.Ne2 Bb5 21.Ng3 Nxd6 22.Qe3 Re8
23.Rhe1 f6 24.Qf3 Qd7 25.f5 Ne4 26.b3 axb3 27.axb3 Rcc8 28.Nxe4 dxe4 29.Qf2 exf5
30.Bxf6 Qe6 31.Bd4 Red8 32.Kb2 Rd7 33.g3 Rcd8 34.Qe3 Rd6 35.Rd2 Qd7 36.Red1 Qf7
37.Bc3 Rxd2 38.Rxd2 Rxd2 39.Qxd2 h6 40.h4 Bc6 41.Qf4 Qe6 42.Qe3 Qd6 43.Bd4 Kh7
44.Qc3 Qe7 45.Qe3 Be8 46.Qf4 Bd7 47.Qe3 g5 48.hxg5 hxg5 49.Bc3 Kg6 50.Bd2 Bc6
51.Qb6 Qd6 52.Qe3 Qf6+ 53.Kb1 Bb5 54.Bc1 Kh5 55.Bb2 Qe7 56.Bc1 Bf1 57.Qf2 Bh3
58.Qh2 g4 59.Qd2 e3 60.Qxe3  1/2-1/2

[Event "74th ch-ESP Absoluto"]
[Site "Palma de Mallorca ESP"]
[Date "2009.10.02"]
[Round "7"]
[White "Planells Roig,J"]
[Black "Garcia del Rey,S"]
[Result "0-1"]
[WhiteElo "2108"]
[BlackElo "2319"]

1.e4 c5 2.Nf3 e6 3.d4 cxd4 4.Nxd4 Nc6 5.Nc3 Qc7 6.g3 a6 7.Nb3 Nf6 8.Bg2 d6
9.O-O Be7 10.f4 O-O 11.g4 Nd7 12.Rf3 b5 13.Rh3 b4 14.Ne2 d5 15.exd5 exd5
16.Qxd5 Bb7 17.Qh5 Nf6 18.Qh4 h6 19.g5 Nh7 20.Qh5 Rad8 21.Be3 Rfe8 22.Rg3 Bf8
23.c3 g6 24.Qh4 Rd3 25.Bf2 Qd8 26.Rxd3 Qxd3 27.Ned4 Nxd4 28.Nxd4 Bxg2 29.Kxg2 bxc3
30.bxc3 Qxc3 31.Rf1 Re4 32.Nf3 h5 33.Re1 Ra4 34.Re2 Qc4 35.Nd4 Bc5 36.Re8+ Nf8
37.Ne2 Rxa2 38.Bxc5 Qxc5 39.Re5 Qc6+ 40.Kf2 Ne6 41.Qg3 Qc4 42.f5 Nd4 43.Re8+ Kg7
44.f6+ Kh7 45.Qf3 Rxe2+ 46.Rxe2 Qxe2+ 47.Qxe2 Nxe2 48.Kxe2 Kg8 49.Kd3 Kf8
50.Kc4 Ke8 51.Kc5 Kd7 52.Kb6 Ke6 53.Kxa6 Kf5 54.h4 Kg4  0-1

[Event "FSGM October"]
[Site "Budapest HUN"]
[Date "2009.10.06"]
[Round "4"]
[White "Wittmann,W"]
[Black "Erdelyi,Z"]
[Result "1/2-1/2"]
[WhiteElo "2291"]
[BlackElo "2380"]

1.e4 c5 2.Nf3 e6 3.d4 cxd4 4.Nxd4 Nc6 5.Nc3 Qc7 6.g3 a6 7.Bg2 d6 8.O-O Bd7
9.a4 Nf6 10.Re1 Be7 11.Nxc6 Bxc6 12.a5 O-O 13.Be3 Rae8 14.Bb6 Qb8 15.Bd4 Nd7
16.Qd2 Bd8 17.Nd1 Bf6 18.Ne3 e5 19.Bc3 Bg5 20.Bb4 Nc5 21.Bxc5 dxc5 22.Qc3 Bxe3  1/2-1/2

[Event "1st Duchamp Mem"]
[Site "Buenos Aires ARG"]
[Date "2009.10.08"]
[Round "5"]
[White "Obregon,A"]
[Black "Hernandez Guerrero,G"]
[Result "1-0"]
[WhiteElo "2439"]
[BlackElo "2540"]

1.e4 c5 2.Nf3 e6 3.d4 cxd4 4.Nxd4 Nc6 5.Nc3 Qc7 6.Be2 a6 7.O-O Nf6 8.Be3 Bb4
9.Na4 O-O 10.c4 Bd6 11.g3 Nxe4 12.Bf3 f5 13.c5 Be5 14.Nb6 Rb8 15.Bxe4 fxe4
16.Rc1 Nb4 17.Qg4 Nd3 18.Qxe4 Nxc1 19.Rxc1 Bf6 20.Bf4 e5 21.Nd5 Qd8 22.Bxe5 Bxe5
23.Qxe5 d6 24.cxd6 Bd7 25.Ne6 Bxe6 26.Qxe6+ Kh8 27.d7 h6 28.Ne7 Rf6 29.Qe5  1-0

[Event "Panamericano U20"]
[Site "Montevideo URU"]
[Date "2009.10.08"]
[Round "4"]
[White "Gallego Alcaraz,A"]
[Black "Macias Murillo,B"]
[Result "1/2-1/2"]
[WhiteElo "2404"]
[BlackElo "2363"]

1.e4 c5 2.Nf3 e6 3.d4 cxd4 4.Nxd4 Nc6 5.Nc3 Qc7 6.Be3 a6 7.Bd3 Nf6 8.O-O Bd6
9.f4 Bc5 10.Nf5 Bxe3+ 11.Nxe3 d6 12.Qf3 O-O 13.Qh3 Nb4 14.Kh1 Nxd3 15.cxd3 Qb6
16.Nc4 Qd4 17.e5 dxe5 18.fxe5 Nd5 19.Ne2 Qa7 20.Rf3 f5 21.exf6 Nxf6 22.Raf1 b5
23.Ne5 Qe7 24.Nf4 Bb7 25.R3f2 Bd5 26.Neg6 hxg6 27.Nxg6 Qd8 28.Qh8+ Kf7 29.Nxf8 Qe7
30.Qh5+ Kxf8 31.Qg6 e5 32.Rxf6+ gxf6 33.Rxf6+ Bf7 34.Qh6+ Ke8 35.Rd6 Bxa2
36.h3 e4 37.Rd4 Be6 38.Qh8+ Qf8 39.Qe5 Qf5 40.Qd6 Ra7 41.Qb8+ Bc8 42.dxe4 Qc5
43.Rd5 Qc1+ 44.Kh2 Qc7+ 45.Qxc7 Rxc7 46.Rd2 Re7 47.Re2 Bb7 48.e5 Kf7 49.g4 Bd5
50.Kg3 a5 51.Kf4 Ke6 52.h4 Rf7+ 53.Kg5 Rg7+ 54.Kf4 Rf7+ 55.Kg5 a4 56.h5 Rg7+
57.Kf4 b4 58.Re3 Ra7 59.h6 a3 60.bxa3 bxa3 61.h7 Rxh7 62.Rxa3 Rf7+ 63.Kg3 Kxe5
64.Ra5 Rg7 65.Rb5 Rg8 66.Ra5 Rd8 67.Rb5 Rd6 68.Ra5 Kf6 69.Kf4 Be6 70.Ra4 Rb6
71.Re4 Kg6 72.Ra4 Bb3 73.Rd4 Ra6 74.Rb4 Bd1 75.Rd4 Rf6+ 76.Kg3 Bb3 77.Rb4 Bd5
78.Rb5 Rf3+ 79.Kh4 Be6 80.Rb4 Re3 81.Ra4 Re1 82.Kg3 Rg1+ 83.Kf3 Kg5 84.Ra5+ Kf6
85.Ra4 Bd5+ 86.Kf4 Rf1+ 87.Kg3 Kg5 88.Ra3 Rg1+ 89.Kh3 Be4 90.Ra7 Rb1 91.Rg7+ Bg6
92.Rg8 Rb3+ 93.Kg2 Rb4 94.Kh3 Ra4 95.Rg7 Ra3+ 96.Kg2 Kf6 97.Rg8 Bf7 98.Rf8 Kg6
99.Kf2 Be6 100.Rf3 Ra4 101.Rc3 Bxg4 102.Ke3 Kg5 103.Rc5+ Bf5 104.Rc3 Re4+
105.Kd3 Re8+ 106.Kd4 Kf4 107.Rc5 Be4 108.Rh5 Rd8+ 109.Kc5 Bf5 110.Rh1 Ke5
111.Re1+ Be4 112.Re2 Rc8+ 113.Kb6 Rc1 114.Re3 Kd4 115.Re2 Bd5 116.Rh2 Rc3
117.Rh4+ Ke5 118.Kb5 Kd6 119.Rh6+ Be6 120.Rh4 Rb3+ 121.Rb4 Ra3 122.Kb6 Bd5
123.Kb5 Ra8 124.Kb6 Rh8 125.Kb5 Rc8 126.Kb6 Bc4 127.Kb7 Kd7 128.Ka7 Bd5 129.Kb6 Rc6+
130.Ka5 Kc7 131.Rb5 Rd6 132.Kb4 Bc6 133.Rh5 Kb6 134.Kc4 Rd1 135.Rg5 Ra1 136.Kd4 Ra4+
137.Ke5 Re4+ 138.Kd6 Rd4+ 139.Ke5 Kc5 140.Ke6+ Bd5+ 141.Ke5 Re4+ 142.Kf5 Re1
143.Rg3 Kd4 144.Rg4+ Be4+ 145.Ke6 Ra1 146.Kf6 Ra6+ 147.Kg5 Ke5 148.Rg3 Ra8
149.Kg4 Rf8 150.Kg5 Bf3 151.Kh6 Bd5 152.Rg5+ Kf6 153.Rg6+ Ke7  1/2-1/2

[Event "FIDE GP w"]
[Site "Nanjing CHN"]
[Date "2009.10.08"]
[Round "10"]
[White "Munguntuul,B"]
[Black "Dzagnidze,N"]
[Result "1/2-1/2"]
[WhiteElo "2418"]
[BlackElo "2535"]

1.e4 c5 2.Nf3 e6 3.d4 cxd4 4.Nxd4 Nc6 5.Nc3 Qc7 6.Be2 a6 7.O-O Nf6 8.Nxc6 bxc6
9.Be3 d5 10.exd5 cxd5 11.Na4 Bb7 12.c4 Bd6 13.h3 O-O 14.Rc1 dxc4 15.Rxc4 Qe7
16.Bc5 Bxc5 17.Nxc5 Bd5 18.Rc1 a5 19.Bf3 Rab8 20.b3 Rfc8 21.Bxd5 Nxd5 22.Nd3 h6
23.Qd2 Qa3 24.Ne5 a4 25.bxa4 Qxa4 26.Rxc8+ Rxc8 27.Rc1 Ra8 28.Rc4 Qb5 29.Qc2 Nb6
30.Rc5 Qb4 31.Nd3 Qd4 32.Rc6 Nd5 33.Rc4 Qa1+ 34.Nc1 Qe5 35.Nd3 Qf5 36.a4 e5
37.Rc5 Rd8 38.Nb4 Qxc2 39.Nxc2 f6 40.a5 Kf7 41.Na3 Nb4 42.Rb5 Rd1+ 43.Kh2 Ra1
44.Rxb4 Rxa3 45.Rb7+ Kg6 46.Ra7 Ra2 47.Kg1 Ra1+ 48.Kh2 Ra2 49.Kg1 Ra1+ 50.Kh2  1/2-1/2

[Event "FSGM October"]
[Site "Budapest HUN"]
[Date "2009.10.09"]
[Round "6"]
[White "Wittmann,W"]
[Black "Szabo,Krisz1"]
[Result "0-1"]
[WhiteElo "2291"]
[BlackElo "2489"]

1.e4 c5 2.Nf3 e6 3.d4 cxd4 4.Nxd4 Nc6 5.Nc3 a6 6.Nxc6 bxc6 7.Bd3 d5 8.O-O Nf6
9.Qe2 Be7 10.Bg5 O-O 11.e5 Nd7 12.Bxe7 Qxe7 13.f4 c5 14.b3 Bb7 15.Rae1 g6
16.Nd1 a5 17.Bb5 Nb6 18.c4 a4 19.Ne3 h5 20.cxd5 exd5 21.bxa4 d4 22.Nc4 Nxa4
23.Bxa4 Rxa4 24.f5 d3 25.Qxd3 Rxa2 26.Re2 Rd8 27.Qe3 Rxe2 28.Qxe2 Rd4 29.fxg6 fxg6
30.Rf6 Rg4 31.g3 Bd5 32.Nd6 c4 33.Qe3 h4 34.Qh6 Qa7+ 35.Rf2 Qa1+ 36.Rf1 Qd4+
37.Rf2 Qa1+ 38.Rf1 Qa7+ 39.Rf2 hxg3 40.Qf8+ Kh7 41.hxg3 Qa1+ 42.Rf1 Qd4+
43.Kh2 Rh4+  0-1

[Event "Bundesliga 2009-10"]
[Site "Wattenscheid GER"]
[Date "2009.10.16"]
[Round "7"]
[White "Pruijssers,R"]
[Black "Handke,F"]
[Result "1-0"]
[WhiteElo "2415"]
[BlackElo "2513"]

1.e4 c5 2.Nf3 e6 3.d4 cxd4 4.Nxd4 Nc6 5.Nc3 a6 6.Nxc6 bxc6 7.Bd3 d5 8.O-O Nf6
9.Qf3 Be7 10.b3 O-O 11.Bb2 e5 12.Rfe1 Bg4 13.Qg3 Bd6 14.Na4 Qc7 15.c4 dxc4
16.Bxc4 Rfe8 17.Qe3 Qe7 18.f3 Bb8 19.Kh1 Ba7 20.Qe2 Bc8 21.Rad1 Nd7 22.Qd2 Qh4
23.g3 Qh5 24.g4 Qh4 25.Qg2 Nf8 26.Ba3 Ng6 27.Qg3 Qg5 28.Rd6 Be6 29.Bxa6 Rad8
30.Red1 Rxd6 31.Bxd6 Qe3 32.Ba3 Bb8 33.Bc5 Qg5 34.Bb6 h5 35.gxh5 Qxh5 36.Be3 Nf4
37.Bf1 g6 38.Nb2 Bc7 39.Nd3 Ra8 40.Rd2 Nxd3 41.Bxd3 Ba5 42.Rc2 Bd8 43.Be2 Be7
44.Qf2 Ra5 45.Bb6 Ra8 46.Bc4 Bxc4 47.Rxc4 Bd8 48.Bc5 Bh4 49.Qe2 Rd8 50.Rc3 Qh6
51.Rc2 Bg5 52.a4 Rd2 53.Rxd2 Bxd2 54.b4 Bxb4 55.Bxb4 Qc1+ 56.Be1 c5 57.a5 c4
58.a6 Qa1 59.a7 Qxa7 60.Qxc4 Qe3 61.Qf1 Qc1 62.Kg2 f5 63.Bg3 Qc3 64.exf5 gxf5
65.Qe2 f4 66.Be1 Qc5 67.Qe4 Kg7 68.Bb4 Qc7 69.Qf5  1-0

[Event "TCh-FIN 2009-10"]
[Site "Finland FIN"]
[Date "2009.10.17"]
[Round "3"]
[White "Niemela,A"]
[Black "Issakainen,A"]
[Result "1-0"]
[WhiteElo "2290"]
[BlackElo "2255"]

1.e4 c5 2.Nf3 e6 3.d4 cxd4 4.Nxd4 Nc6 5.Nc3 Qc7 6.Be3 a6 7.Qd2 Nf6 8.O-O-O Bb4
9.f3 d5 10.a3 Bxc3 11.Qxc3 dxe4 12.Nxc6 Qxc6 13.Qd4 O-O 14.Bg5 e5 15.Qxe5 Re8
16.Qd6 Qxd6 17.Rxd6 exf3 18.gxf3 Be6 19.Bxf6 gxf6 20.Bd3 h6 21.Be4 Rab8 22.f4 Kf8
23.f5 Bc4 24.Rd4 Bb5 25.a4 Bd7 26.Rhd1 Re5 27.Rxd7 Rxe4 28.Rc7 Re7 29.Rdd7 Rxd7
30.Rxd7 h5 31.c4 Rc8 32.Rd4 b5 33.axb5 axb5 34.b3 bxc4 35.bxc4 Rc5 36.Rf4 Ke7
37.Kd2 Ra5 38.Kc3 Kd6 39.Kb4 Re5 40.Rd4+ Kc6 41.Rf4 Kd6 42.Rf2 Kc6 43.Ra2 Rxf5
44.Ra7 Rf2 45.h4 Rb2+ 46.Kc3 Rh2 47.Ra6+ Kd7 48.Rxf6 Rxh4 49.Rxf7+ Kc6 50.Rf6+ Kc7
51.Kb4 Rh1 52.Kc5 Rg1 53.Rf7+ Kc8 54.Rh7 Rg5+ 55.Kb6 Rg6+ 56.Kb5 Rg5+ 57.c5 Rg1
58.Kb6 Rb1+ 59.Kc6 Kd8 60.Rh8+ Ke7 61.Rxh5 Rb2 62.Rd5 Rc2 63.Kc7 Ke8 64.c6 Ke7
65.Re5+ Kf6 66.Re4 Kf7 67.Kd6 Rd2+ 68.Kc5 Rd1 69.c7  1-0

[Event "Bundesliga 2009-10"]
[Site "Eppingen GER"]
[Date "2009.10.18"]
[Round "2"]
[White "Guliyev,N"]
[Black "Hoolt,S"]
[Result "1-0"]
[WhiteElo "2525"]
[BlackElo "2225"]

1.e4 c5 2.Nf3 e6 3.d4 cxd4 4.Nxd4 Nc6 5.Nc3 Qc7 6.f4 a6 7.Be3 d6 8.Qf3 b5
9.O-O-O Bb7 10.Kb1 Nf6 11.Bd3 b4 12.Nce2 Na5 13.g4 Nc4 14.Bc1 d5 15.e5 Ne4
16.Ng3 Nc5 17.Rhe1 Qb6 18.f5 O-O-O 19.fxe6 fxe6 20.Nb3 a5 21.Bg5 Rd7 22.Bxh7 a4
23.Nd4 Be7 24.Bxe7 Rxe7 25.Bg6 Rxh2 26.Qf8+ Qd8 27.Qf4 Rh8 28.b3 Na3+ 29.Kb2 Qa5
30.g5 Kc7 31.Nge2 Ra8 32.Ra1 Ba6 33.Qd2 Bxe2 34.Qxe2 Kb6 35.Qf2 Nb5 36.Nxb5 Qxb5
37.a3 Rea7 38.Qd4 bxa3+ 39.Rxa3 Kc7 40.b4 Rb7 41.c3 Nb3 42.Qd3 Qc6 43.Rf1 Rh8
44.Ra2 Kb8 45.Ka3 Rc8 46.Rc2 Na5 47.bxa5 Rb3+ 48.Ka2 Qc5 49.Ka1 Qxa5 50.Rb1 Ka8
51.Ra2 Rxb1+ 52.Kxb1 a3 53.Rc2 Qb6+ 54.Ka1 Rb8 55.Qf1 Rc8 56.Qc1 Qa5 57.Ka2 Rc4
58.Bd3  1-0

[Event "Bundesliga 2009-10"]
[Site "Solingen GER"]
[Date "2009.10.18"]
[Round "2"]
[White "Dgebuadze,A"]
[Black "Movsesian,S"]
[Result "1/2-1/2"]
[WhiteElo "2521"]
[BlackElo "2711"]

1.e4 c5 2.Nf3 e6 3.d4 cxd4 4.Nxd4 Nc6 5.Nc3 Qc7 6.Be3 a6 7.Bd3 Nf6 8.O-O h5
9.h3 Bd6 10.Re1 Bh2+ 11.Kh1 Nxd4 12.Bxd4 Be5 13.Bxe5 Qxe5 14.Qd2 g5 15.Nd5 Nxd5
16.exd5 Qf6 17.Be4 g4 18.Re3 gxh3 19.Rxh3 d6 20.dxe6 Bxe6 21.Qc3 Qxc3 22.Rxc3 Rc8
23.Rxc8+ Bxc8 24.Re1 Kd8 25.Bd5 h4  1/2-1/2

[Event "Arco Open A"]
[Site "Arco ITA"]
[Date "2009.10.20"]
[Round "4"]
[White "Van Riemsdijk,H"]
[Black "Arakhamia,K"]
[Result "1-0"]
[WhiteElo "2385"]
[BlackElo "2499"]

1.e4 c5 2.Nf3 e6 3.d4 cxd4 4.Nxd4 Nc6 5.Nc3 d6 6.Be3 Nf6 7.Bc4 a6 8.Bb3 Be7
9.f4 O-O 10.Qf3 Na5 11.O-O Qc7 12.Rad1 Nxb3 13.cxb3 b5 14.Rc1 Qb7 15.b4 Bd7
16.e5 Qxf3 17.gxf3 Nh5 18.a3 f5 19.Nb3 Bc6 20.Na5 Be8 21.Ne2 dxe5 22.fxe5 g5
23.Nc6 Bxc6 24.Rxc6 Ng7 25.Rc7 Rfe8 26.Rd1 f4 27.Bc5 Bxc5+ 28.bxc5 Rac8 29.Rxc8 Rxc8
30.b4 Nf5 31.Rd7 a5 32.bxa5 Ne3 33.a6 Rxc5 34.a7 Rc8 35.Rb7  1-0

[Event "Chigorin Mem Open"]
[Site "St Petersburg RUS"]
[Date "2009.10.20"]
[Round "5"]
[White "Vokarev,S"]
[Black "Khairullin,I"]
[Result "1/2-1/2"]
[WhiteElo "2505"]
[BlackElo "2604"]

1.e4 c5 2.Nf3 e6 3.d4 cxd4 4.Nxd4 Nc6 5.Nc3 Qc7 6.Be3 Nf6 7.f4 Bb4 8.Nb5 Qa5
9.e5 Nd5 10.Bd2 Nxc3 11.Bxc3 O-O 12.Qd2 f6 13.exf6 Rxf6 14.a3 Bxc3 15.Nxc3 d5
16.g3 Bd7 17.O-O-O Be8 18.Bh3 Bg6 19.Rhe1 Re8 20.Re2 Qc5 21.g4 Rff8 22.f5 exf5
23.gxf5 Bh5 24.Rxe8 Rxe8 25.Re1 Rxe1+  1/2-1/2

[Event "Unive Open"]
[Site "Hoogeveen NED"]
[Date "2009.10.21"]
[Round "6"]
[White "Mostertman,M"]
[Black "Vedder,R"]
[Result "1-0"]
[WhiteElo "2138"]
[BlackElo "2349"]

1.e4 c5 2.Nf3 e6 3.d4 cxd4 4.Nxd4 Nc6 5.Nc3 Qc7 6.Ndb5 Qb8 7.Be3 a6 8.Bb6 axb5
9.Nxb5 Bb4+ 10.c3 Ba5 11.Nc7+ Kf8 12.Nxa8 Qxa8 13.Qd6+ Nge7 14.Qa3 Qb8 15.Bxa5 Qe5
16.Bb6 Qxe4+ 17.Be3 f5 18.O-O-O Kf7 19.Re1 d5 20.Bd2 Qh4 21.g3 Qf6 22.h4 h6
23.Bb5 e5 24.f4 e4 25.Be3 Be6 26.Rd1 Rd8 27.Bb6 Rc8 28.Kb1 Kg8 29.Ka1 Bf7
30.Rd2 Qe6 31.Rhd1 Kh7 32.c4 Qg6 33.Bxc6 Rxc6 34.Qxe7 Rxb6 35.cxd5 Rd6 36.h5  1-0

[Event "Unive Open"]
[Site "Hoogeveen NED"]
[Date "2009.10.21"]
[Round "6"]
[White "Slingerland,F"]
[Black "Van Kooten,L"]
[Result "1-0"]
[WhiteElo "2395"]
[BlackElo "2292"]

1.e4 c5 2.Nf3 e6 3.d4 cxd4 4.Nxd4 Nc6 5.Nc3 Qc7 6.Be2 a6 7.O-O Nf6 8.Be3 Bb4
9.Nxc6 bxc6 10.Qd4 Bd6 11.f4 e5 12.Qd2 exf4 13.Bxf4 Bxf4 14.Rxf4 O-O 15.Rd1 Re8
16.Kh1 Rb8 17.Bc4 Re5 18.Qf2 Rb4 19.b3 d5 20.a3 Rxc4 21.bxc4 dxe4 22.Qd4 Re8
23.Rxf6 gxf6 24.Nxe4 Re5 25.Nxf6+ Kf8 26.Qh4 Bf5 27.Qh6+ Ke7 28.Qg5 Ke6 29.Ne8  1-0